Aston Villa Players - Sudden Death - Statistics

General Stats
  • This quiz has been taken 203 times
  • The average score is 16 of 20
Answers on the Grid
Answers color-coded by a green-red scale on the quiz's grid according to % correct below.
Marcus Rashford
Donyell Malen
Boubacar Kamara
James Milner
Ashley Young
Ollie Watkins
Emiliano Martínez
Leon Bailey
Philippe Coutinho
John McGinn
Jack Grealish
Tammy Abraham
David Ginola
Lucas Digne
Robert Pirès
Christian Benteke
Pepe Reina
Douglas Luiz
Moussa Diaby
Jhon Durán
Adam Lallana
Cristiano Ronaldo
João Félix
Emerson
Carlos Valderrama
Mirko Salvi
Mario Götze
David Beckham
Lionel Messi
Alphonse Areola
Alexander Isak
Granit Xhaka
Kaoru Mitoma
Carlos Bacca
Iago Aspas
Nélson Semedo
 
Answer Stats
Answer % Correct
Emiliano Martínez
91%
Ollie Watkins
89%
Jack Grealish
87%
John McGinn
87%
Jhon Durán
86%
Leon Bailey
86%
Ashley Young
85%
Lucas Digne
85%
Marcus Rashford
85%
Douglas Luiz
83%
Moussa Diaby
82%
Donyell Malen
81%
Philippe Coutinho
81%
Christian Benteke
79%
Boubacar Kamara
77%
James Milner
73%
Tammy Abraham
69%
Pepe Reina
56%
Robert Pirès
52%
David Ginola
51%
No matching quizzes found
Score Distribution
Percent of People with Each Score
Percentile by Number Answered
Your Score History
You have not taken this quiz